Obtencion de alcohol etilico a partir de los subproductos del beneficiado de cafe

Salvato in:
Dettagli Bibliografici
Autore principale: Villalobos Villalobos, Ana
Natura: Tesi Libro
Lingua:Undetermined
Pubblicazione: 1985
Soggetti:
> > > > ALCOHOL ETILICO
Tags: Aggiungi Tag
Nessun Tag, puoi essere il primo ad aggiungerne!!

MARC

LEADER 00000nam a2200000Ia 4500
001 2701
008 140114s9999 xx 000 0 und d
100 |a Villalobos Villalobos, Ana 
245 |a Obtencion de alcohol etilico a partir de los subproductos del beneficiado de cafe 
260 |c 1985 
500 |a NULL 
502 |a Escuela de ingenieria Quimica 
650 |z ALCOHOL ETILICO 
999 |c 11630  |d 11630